LIBRARY & INFORMATION CENTRE, KCAET, TAVANUR

ONLINE PUBLIC ACCESS CATALOGUE (OPAC)

Marlow: The practical history of doctor Faustus / (Record no. 5877)

MARC details
000 -LEADER
fixed length control field 00400cam a2200145ua 4500
041 ## - LANGUAGE CODE
Language code of text/sound track or separate title eng
082 ## - DEWEY DECIMAL CLASSIFICATION NUMBER
Classification number 822
Item number OSB/MA
100 ## - MAIN ENTRY--AUTHOR NAME
Personal name Osborne, Harold .
245 ## - TITLE STATEMENT
Title Marlow: The practical history of doctor Faustus /
260 ## - PUBLICATION, DISTRIBUTION, ETC. (IMPRINT)
Place of publication New York :
Name of publisher Universities Tutorials Press Ltd. ,
Year of publication 1986.
300 ## - PHYSICAL DESCRIPTION
Number of Pages 95 ; .
942 ## - ADDED ENTRY ELEMENTS (KOHA)
Koha item type Books
Holdings
Withdrawn status Lost status Damaged status Home library Current library Date acquired Full call number Accession Number Koha item type
      KAUAET KAUAET 07/04/2012 822 11533 Books
free website counter